Textos históricos en latín medieval, siglos VIII-XIII
Guardat en:
| Autor principal: | |
|---|---|
| Format: | Llibre |
| Idioma: | espanyol |
| Publicat: |
Madrid, España
Consejo Superior de Investigaciones Científicas
1952
|
| Col·lecció: | Textos,
23 |
| Matèries: | |
| Etiquetes: |
Afegir etiqueta
Sense etiquetes, Sigues el primer a etiquetar aquest registre!
|
MARC
| LEADER | 00000nam a2200000 a 4500 | ||
|---|---|---|---|
| 001 | UCO1660 | ||
| 003 | CL-VaPUC | ||
| 005 | 20210605001729.0 | ||
| 008 | 000519e19520000SP |||||||||||||||||spa|d | ||
| 999 | |c 288264 |d 288262 | ||
| 040 | |c Pontificia Universidad Católica de Valparaíso | ||
| 082 | 0 | 4 | |a 946 VAS 1952 |2 21 |
| 100 | 0 | |a Vásquez de Parga, Luis |e author |9 444057 | |
| 245 | 1 | 0 | |a Textos históricos en latín medieval, siglos VIII-XIII |
| 260 | |a Madrid, España |b Consejo Superior de Investigaciones Científicas |c 1952 | ||
| 300 | |a 239 páginas | ||
| 490 | 0 | |a Textos, |v 23 | |
| 583 | |a last modification |c 20000519 00:00:00 |k Rodrigo Vera | ||
| 650 | 0 | |a Historia de España |y SIGLOS 8-13 |9 315435 | |
| 650 | 7 | |a TEXTOS HISTORICOS |2 CL-VaPUC |9 444058 |z ESPAÑA | |
| 650 | 0 | |a Latín |z ESPAÑA |9 269544 | |
| 650 | 7 | |a ESPAÑA MEDIEVAL |2 CL-VaPUC |9 395710 | |
| 852 | |a BIBCUR | ||
| 942 | |c BK |2 ddc | ||
| 945 | |d 20000519 00:00:00 |a rherrera | ||
| 952 | |0 0 |1 0 |2 ddc |4 0 |6 946_000000000000000_VAS_1952 |7 0 |8 A |9 335839 |a BIBHIS |b BIBHIS |d 2019-11-20 |i 1282174 |o 946 VAS 1952 |p 1282174 |r 2025-01-20 |t 1 |w 2019-11-20 |y BK |k HIS | ||
| 952 | |0 0 |1 0 |2 ddc |4 0 |6 946_000000000000000_VAS_1952 |7 0 |8 A |9 335840 |a BIBHIS |b BIBHIS |d 2019-11-20 |i 1282182 |o 946 VAS 1952 |p 1282182 |r 2025-01-20 |t 2 |w 2019-11-20 |y BK |k HIS | ||